000 00374nam a2200133Ia 4500
008 220214s9999 xx 000 0 und d
022 _a0303-6960
245 0 _aINDIAN JOURNAL OF NEMATOLOGY
260 _bNematological Society of India, New Delhi
_aIndia
310 _aSA
500 _aEnding Volume & Year: 8, 1978
500 _aStarting Volume & Year: 3, 1973
942 _cBJ
999 _c7205
_d7205